| Tag |
First Indicator |
Second Indicator |
Subfields |
| LEADER |
00000cam a2200000Ia 4500 |
| 001 |
in00002425265 |
| 005 |
20190327171531.0 |
| 006 |
m d |
| 007 |
cr cn||||||||| |
| 008 |
070829s2007 xx s 000 0 eng d |
| 019 |
|
|
|a 171111157
|
| 020 |
|
|
|a 9781597491976
|
| 020 |
|
|
|a 1597491977
|
| 035 |
|
|
|a (OCoLC)ocn166388052
|
| 035 |
|
|
|a (OCoLC)166388052
|z (OCoLC)171111157
|
| 037 |
|
|
|a 141248:141391
|b Elsevier Science & Technology
|n http://www.sciencedirect.com
|
| 040 |
|
|
|a OPELS
|c OPELS
|d YDXCP
|d BAKER
|d UtOrBLW
|
| 049 |
|
|
|a TEFA
|
| 050 |
1 |
4 |
|a QA76.9.A25
|b O34 2007eb
|
| 082 |
0 |
4 |
|a 005.8
|2 22
|
| 245 |
0 |
4 |
|a The official CHFI study guide (Exam 312-49) :
|b for computer hacking forensic investigator.
|
| 264 |
|
1 |
|a [Place of publication not identified] :
|b Syngress,
|c 2007.
|
| 300 |
|
|
|a 1 volume
|
| 336 |
|
|
|a text
|b txt
|2 rdacontent
|
| 337 |
|
|
|a computer
|b c
|2 rdamedia
|
| 338 |
|
|
|a online resource
|b cr
|2 rdacarrier
|
| 520 |
|
|
|a This is the official CHFI study guide for professionals studying for the forensics exams and for professionals needing the skills to identify an intruder's footprints and to properly gather the necessary evidence to prosecute. The EC-Council offers certification for ethical hacking and computer forensics. Their ethical hacker exam has become very popular as an industry gauge and we expect the forensics exam to follow suit. The material is presented in a logical learning sequence: a section builds upon previous sections and a chapter on previous chapters. All concepts, simple and complex, are defined and explained when they appear for the first time. This book includes the following special chapter elements: Exam objectives covered in a chapter are clearly explained in the beginning of the chapter, Notes and Alerts highlight the crucial points, Exams Eye View section at the end of each chapter emphasizes the important points from the exams perspective, Key Terms present the definitions of key terms used in the chapter, Review Questions section at the end of each chapter that contains the questions modeled after the real exam questions based on the material covered in the chapter. The answers to these questions are presented with explanations in an appendix. Also included is a full practice exam modeled after the real exam. The answers to the exam questions are presented with full explanations. * The only study guide for CHFI, provides 100% coverage of all exam objectives. * Full web-based practice exam with explanations of correct and incorrect answers * Forensics xxxxx.
|
| 505 |
0 |
|
|a Computer Forensics in Todays World -- Law And Computer Forensics -- Computer Investigation Process -- Computer Security Incident Response Team -- Computer Forensic Laboratory Requirements -- Understanding File systems and Hard disks -- Windows Forensics -- Linux and Macintosh Boot processes -- Linux Forensics -- Data Acquisition and Duplication -- Recovering Deleted Files -- Image Files Forensics -- Steganography -- Computer Forensic Tools -- Application password crackers -- Investigating Logs -- Investigating network traffic -- Router Forensics -- Investigating Web Attacks -- Tracking E-mails and Investigating E-mail crimes -- Mobile and PDA Forensics -- Investigating Trademark and Copyright Infringement -- Investigative Reports -- Becoming an Expert Witness -- Forensics in action.
|
| 533 |
|
|
|a Electronic reproduction.
|b Amsterdam :
|c Elsevier Science & Technology,
|d 2007.
|n Mode of access: World Wide Web.
|n System requirements: Web browser.
|n Title from title screen (viewed on Aug. 15, 2007).
|n Access may be restricted to users at subscribing institutions.
|
| 500 |
|
|
|a Electronic resource.
|
| 650 |
|
0 |
|a Computer security.
|
| 650 |
|
0 |
|a Computer crimes.
|
| 655 |
|
7 |
|a Electronic books.
|2 local
|
| 700 |
1 |
|
|a Kleiman, Dave.
|
| 710 |
2 |
|
|a ScienceDirect (Online service)
|
| 856 |
4 |
0 |
|u http://proxy.library.tamu.edu/login?url=http://www.sciencedirect.com/science/book/9781597491976
|z Connect to the full text of this electronic book
|t 0
|
| 938 |
|
|
|a YBP Library Services
|b YANK
|n 2563350
|
| 938 |
|
|
|a Baker & Taylor
|b BKTY
|c 59.95
|d 59.95
|i 1597491977
|n 0007189097
|s active
|
| 994 |
|
|
|a C0
|b TEF
|
| 999 |
|
|
|a MARS
|
| 999 |
f |
f |
|s 143786d6-ef57-3aec-8c63-74b19906be72
|i 035e5e32-a560-3d9a-9242-adfff1a30f77
|t 0
|
| 952 |
f |
f |
|a Texas A&M University
|b College Station
|c Electronic Resources
|d Available Online
|t 0
|e QA76.9.A25 O34 2007eb
|h Library of Congress classification
|
| 998 |
f |
f |
|a QA76.9.A25 O34 2007eb
|t 0
|l Available Online
|